Gestión cultural, comunicación y desarrollo (Record no. 11018)

MARC details
000 -CABECERA
campo de control de longitud fija 01038nam a22002657a 4500
001 - NÚMERO DE CONTROL
campo de control BRCA_9396
003 - IDENTIFICADOR DEL NÚMERO DE CONTROL
campo de control FranzMayer
005 - FECHA Y HORA DE LA ÚLTIMA TRANSACCIÓN
campo de control 20230918124904.0
008 - DATOS DE LONGITUD FIJA--INFORMACIÓN GENERAL
campo de control de longitud fija 230901b |||||||| |||| 00| 0 eng d
020 ## - NÚMERO INTERNACIONAL ESTÁNDAR DEL LIBRO
Número Internacional Estándar del Libro 9684846614
040 ## - FUENTE DE LA CATALOGACIÓN
Centro catalogador/agencia de origen MFM
Lengua de catalogación ESPAÑOL
Centro/agencia transcriptor MFM
050 #0 - SIGNATURA TOPOGRÁFICA DE LA BIBLIOTECA DEL CONGRESO
Número de clasificación HF5549.5.M5
Número de documento/Ítem M33 2006
100 1# - ENTRADA PRINCIPAL--NOMBRE DE PERSONA
Código de función/relación Autor
Nombre de persona Maas Moreno, Margarita
9 (RLIN) 29510
240 ## - TÍTULO UNIFORME
Título uniforme Gestión cultural, comunicación y desarrollo
Medio Teoría y práctica
Lenguaje de la obra Español
245 0# - MENCIÓN DE TÍTULO
Título Gestión cultural, comunicación y desarrollo
Resto del título Teoría y práctica
260 ## - PUBLICACIÓN, DISTRIBUCIÓN, ETC.
Lugar de publicación, distribución, etc. México
Nombre del editor, distribuidor, etc. UNAM
Fecha de publicación, distribución, etc. 2006
300 ## - DESCRIPCIÓN FÍSICA
Extensión 142 p
Otras características físicas Ilustraciones
Dimensiones 23 cm
500 ## - NOTA GENERAL
Nota general Anexo 1
505 ## - NOTA DE CONTENIDO CON FORMATO
Nota de contenido con formato Texto en: españolIncluye índice temáticoIncluye bibliografíaDirigido a: personas que trabajen en recursos humanos/con mucha gente
650 1# - PUNTO DE ACCESO ADICIONAL DE MATERIA--TÉRMINO DE MATERIA
Fuente del encabezamiento o término Comercio
Término de materia o nombre geográfico como elemento de entrada Negociones
Subdivisión de forma Desarrollo personal
9 (RLIN) 29511
651 2# - PUNTO DE ACCESO ADICIONAL DE MATERIA--NOMBRE GEOGRÁFICO
Fuente del encabezamiento o término Gestión cultural
Nombre geográfico Comunicación
Subdivisión de forma Desarrollo
9 (RLIN) 29512
700 1# - PUNTO DE ACCESO ADICIONAL--NOMBRE DE PERSONA
Código de función/relación Diseño
Nombre de persona Garcia Flores, Luis
9 (RLIN) 29513
700 1# - PUNTO DE ACCESO ADICIONAL--NOMBRE DE PERSONA
Código de función/relación Rev.
Nombre de persona Sánchez Manchero, Mauricio
9 (RLIN) 29514
942 ## - ELEMENTOS DE PUNTO DE ACCESO ADICIONAL (KOHA)
Fuente del sistema de clasificación o colocación Library of Congress Classification
Tipo de ítem Koha Libros
Holdings
Estado de retiro Estado de pérdida Fuente del sistema de clasificación o colocación Estado dañado No para préstamo Código de colección Localización permanente Ubicación/localización actual Fecha de adquisición Total de préstamos Signatura topográfica completa Código de barras Fecha visto por última vez Precio válido a partir de Tipo de ítem Koha
El ejemplar forma parte de la colección y puede ser consultado según las políticas vigentes.   Library of Congress Classification     Fondo Contemporáneo Biblioteca del Museo Franz Mayer (Rogerio Casas-Alatriste) Biblioteca del Museo Franz Mayer (Rogerio Casas-Alatriste) 01/09/2023   HF5549.5.M5 M33 2006 CONT10165 01/09/2023 01/09/2023 Libros